Biomarcadores inflamatórios e de estresse oxidativo em cadelas submetidas à ováriohisterectomia videoassistida ou convencional (Registro n. 329630)
[ somente texto ]
| 000 -LÍDER | |
|---|---|
| fixed length control field | 03068nab a2200349 i 4500 |
| 003 - CÓDIGO MARC DA AGÊNCIA CATALOGADORA | |
| Campo de controle | BR-BrBNA |
| 005 - DATA E HORA DA ÚLTIMA ATUALIZAÇÃO | |
| Campo de controle | 20250121105845.0 |
| 008 - CAMPO DE TAMANHO FIXO | |
| fixed length control field | 250121b2016 bl.|r|pooa||| 00| 0 por | |
| 040 ## - FONTE DA CATALOGAÇÃO | |
| Agência catalogadora | BR-BrBNA |
| Idioma da catalogação | por |
| 072 ## - CATEGORIA AGRIS | |
| Código AGRIS | L70 |
| Código do objeto | 5400 |
| 100 ## - ENTRADA PRINCIPAL - NOME PESSOAL | |
| Nome pessoal | Dalmolin, F. |
| 100 ## - ENTRADA PRINCIPAL - NOME PESSOAL | |
| Nome pessoal | Lhamas, C.L. |
| 100 ## - ENTRADA PRINCIPAL - NOME PESSOAL | |
| Nome pessoal | Pinto Filho, S.T.L. |
| 100 ## - ENTRADA PRINCIPAL - NOME PESSOAL | |
| Nome pessoal | Feranti, J.P.S. |
| 100 ## - ENTRADA PRINCIPAL - NOME PESSOAL | |
| Nome pessoal | Poerschke, A. |
| 100 ## - ENTRADA PRINCIPAL - NOME PESSOAL | |
| Nome pessoal | Beck, R.C. |
| 100 ## - ENTRADA PRINCIPAL - NOME PESSOAL | |
| Nome pessoal | Abdalla, F.H. |
| 100 ## - ENTRADA PRINCIPAL - NOME PESSOAL | |
| Nome pessoal | Andrade, C.M. |
| 100 ## - ENTRADA PRINCIPAL - NOME PESSOAL | |
| Nome pessoal | Brun, M.V. |
| 245 ## - TÍTULO PRINCIPAL | |
| Título principal | Biomarcadores inflamatórios e de estresse oxidativo em cadelas submetidas à ováriohisterectomia videoassistida ou convencional |
| 500 ## - NOTA GERAL | |
| Nota geral | <br/>Publicação online; 34 ref.; Summaries (En, Pt) |
| 942 ## - ADDED ENTRY ELEMENTS (KOHA) | |
| Koha item type | Analítica |
| 520 ## - NOTA DE RESUMO | |
| Nota de conteúdo | <br/><br/><br/>RESUMO - A videocirurgia é atualmente uma das principais ferramentas operatórias, com vantagens que incluem menor estresse, incisões e dor pós-operatória quando comparada aos procedimentos abertos. Objetivou-se comparar o processo inflamatório e o estresse oxidativo resultantes das técnicas de ovário-histerectomia (OVH) convencional e videoassistida, com dois portais em cadelas, por meio de hemograma, avaliação de acetilcolinesterase, butirilcolinesterase, catalase e malondialdeído séricos, imediatamente antes da operação e duas, seis, 12, 24, 48 e 72 horas após a cirurgia. Observou-se menor estresse cirúrgico nas pacientes operadas pela técnica videoassistida, e sugere-se que a técnica convencional possa implicar peroxidação lipídica, mesmo com o uso de anti-inflamatório.<br/><br/><br/>Palavras-chave: espécies reativas, videocirurgia, acetilcolinesterase, butirilcolinesterase, peroxidação lipídica |
| 520 ## - NOTA DE RESUMO | |
| Nota de conteúdo | <br/><br/><br/>ABSTRACT - Videosurgery is currently a very important surgical tool with several benefits over the open surgery, including less surgical stress, shorter incisions and less postoperative pain. The purpose of this study was to compare the inflammatory process and oxidative stress between conventional and two-port laparoscopic-assisted ovariohisterectomy (OVH) in bitches. Complete blood counting, serum acetylcholinesterase, butyrylcholinesterase, catalase and malondialdehyde were assessed on the baseline and at two, six, 12, 24, 48 and 72 hours after surgery. The patients submitted to the videoassisted<br/>technique presented lower inflammatory response. There are suggestions that the conventional technique promotes lipid peroxidation, even with the use of anti-inflammatories.<br/><br/><br/>Keywords: reactive species, videosurgery, acetylcholinesterase, butyrylcholinesterase, lipid peroxidation |
| 650 ## - ASSUNTO - THESAGRO | |
| Cabeçalho tópico ou nome geográfico | CÃO |
| 650 ## - ASSUNTO - THESAGRO | |
| Cabeçalho tópico ou nome geográfico | CIRURGIA |
| 650 ## - ASSUNTO - THESAGRO | |
| Cabeçalho tópico ou nome geográfico | STRESS |
| 650 ## - ASSUNTO - THESAGRO | |
| Cabeçalho tópico ou nome geográfico | VETERINÁRIA |
| 773 0# - ENTRADA ANALÍTICA | |
| Host Biblionumber | 1643 |
| Registro do item | 347391 |
| Imprenta | Belo Horizonte-MG Universidade Federal de Minas Gerais - Escola de Veterinaria 1983 |
| Outro identificador | 2024-8404 |
| Título | Arquivo Brasileiro de Medicina Veterinária e Zootecnia (Brazil) |
| ISSN | 0102-0935 |
| Colação | v. 68(3) p. 687-694; (2016) |
| Número de controle de registro | BR2024004482 |
| 856 ## - ACESSO E ENDEREÇO ELETRÔNICO | |
| Identificador uniforme de recurso - URI | https://www.scielo.br/j/abmvz/a/bJVhQPZvVCrSHnz4XjR5XYz/?format=pdf&lang=pt |
Nenhum exemplar disponível.

BINAGRI